Statistics for French to English

Click here to take the quiz!

General Stats

  • This quiz has been taken 133 times
  • The average score is 20 of 46

Answer Stats

HintAnswer% Correct
Je détesteI hate
96%
Je préfèreI prefer
96%
J'aimeI like
95%
J'adoreI love
93%
Je n'aime pasI don't like
91%
délicieuxdelicious
84%
bongood
81%
Je pense queI think that
81%
facileeasy
81%
fantastiquefantastic
81%
bellepretty
70%
magnifiquemagnificent
70%
amusantamusing
66%
dangereuxdangerous
65%
Je crois queI believe that
64%
superbesuperb
62%
beauhandsome
62%
Je trouve queI find that
58%
horriblehorrible
57%
stupidstupid
55%
terribleterrible
51%
drôlefunny
50%
À mon avisIn my opinion
47%
utileuseful
47%
merveilleuxmarvellous
41%
gentilgentle
41%
ennuyeuxboring
35%
durhard
24%
fatiganttiring
23%
bizarreweird
23%
savoureuxtasty
23%
agréablenice
14%
énervantannoying
13%
passionnantexciting
12%
effrayantscary
10%
sensasssensational
10%
démodéold-fashioned
9%
génialterrific
9%
affreuxawful
8%
puérilchildish
7%
laidugly
6%
barbantboring
5%
nulrubbish
4%
insupportableunbearable
3%
épuisantexhausting
1%
bêtesilly
1%

Score Distribution

Percentile by Number Answered

Percent of People with Each Score

Your Score History

You have not taken this quiz